000 00559nam a2200205Ia 4500
001 19112
003 GE_BSU
008 181216s||||||||xx |||||||||||||| ||und||
040 _cGE_BSU
245 _aАзия и Африка сегодня. № 5. 2016
245 _cГл.ред.Васильев А.В.
250 _aЕжемесячный журнал
260 _aМосква
260 _bНаука
260 _c2016
300 _a80стр,ил,29см
653 _aАзия и Африка
653 _aპერიოდიკა
942 _cCR
999 _c52105
_d52105